| 000 | nam a22 7a 4500 | ||
|---|---|---|---|
| 999 |
_c7190 _d7190 |
||
| 003 | OSt | ||
| 005 | 20181204135608.0 | ||
| 008 | 181203s2016 fr ||||| |||| 00| 0 fre d | ||
| 020 | _a9782362200403 | ||
| 040 |
_aCDMR _bcat _cCDMR |
||
| 245 | 1 | 0 |
_aOn the road _b: 100 photos for press freedom |
| 260 |
_aParis : _bReporters sans Frontieres, _c2016 |
||
| 300 |
_a144 p. : _bfotografies ; _c29 cm |
||
| 490 |
_aReporters without borders ; _v52 |
||
| 650 | 0 | 4 |
_91582 _aLlibertat d'impremta _xFotografia |
| 700 | 1 |
_94621 _aParr, Martin _d1952- |
|
| 700 | 1 |
_94622 _aGruyaert, Harry _bGruyaert, Harry _d1941- |
|
| 700 | 1 |
_94623 _aStock, Dennis |
|
| 700 | 1 |
_94624 _aMorath, Inge |
|
| 700 | 1 |
_94625 _aTowell, Larry |
|
| 710 | 2 |
_91923 _aReportiers Sans Frontières |
|
| 942 |
_2udc _cMON |
||